00292 a2200121 4500020001800000040001000018082001100028100002000039245004800059260003700107300000800144650001800152 a972-0-06192-8 aISPLB a72b72 aObras Publicas  aInstruè³̀‡s para o Calculo dos Honorarios  aLisboa, bPorto Editora c 1986. a73p aArquitectura